[Event "Napoli Autunno Vomero op-A"]
[Site "Napoli"]
[Date "2016.09.20"]
[Round "3"]
[White "Lombardo, Claudio"]
[Black "Scarnera, Francesco"]
[Result "1-0"]
[WhiteElo "1849"]
[BlackElo "1665"]
[PlyCount "100"]
[EventDate "2016.09.08"]
[EventType "swiss"]
[EventRounds "7"]
[EventCountry "ITA"]
[SourceTitle "EXT 2018"]
[Source "ChessBase"]
[SourceDate "2017.10.13"]
[SourceVersion "1"]
[SourceVersionDate "2017.10.13"]
[SourceQuality "1"]

1. d4 Nf6 2. Nf3 c5 3. e3 cxd4 4. Nxd4 g6 5. Be2 Bg7 6. 0-0 0-0 7. c4 Nc6 8. Nxc6 bxc6 9. Nc3 c5 10. Qc2 d6 11. Rb1 Bb7 12. b3 Qd7 13. Bb2 Qe6 14. Qd1 a6 15. Bf3 Rab8 16. Bxb7 Rxb7 17. Qf3 Rfb8 18. Rfd1 Nd7 19. Na4 Ne5 20. Bxe5 Bxe5 21. Rd5 Bg7 22. Rbd1 Qf6 23. Qxf6 Bxf6 24. Kf1 h6 25. Ke2 Kh7 26. h3 Rg8 27. Kf3 Be5 28. Nxc5 dxc5 29. Rxe5 Rc7 30. Red5 Ra8 31. Rd7 Raa7 32. Rxc7 Rxc7 33. Rd8 Kg7 34. Ke4 e6 35. Rd6 Kf6 36. Rxa6 Ke7 37. Kd3 Kd7 38. a3 Kc8 39. b4 Kb7 40. Ra5 Kb6 41. Rxc5 Rxc5 42. bxc5+ Kxc5 43. f3 f6 44. Kc3 e5 45. f4 e4 46. a4 h5 47. h4 f5 48. a5 Kc6 49. Kd4 Kd6 50. a6 Kc6 1-0

[Event "Napoli Autunno Vomero op-A"]
[Site "Napoli"]
[Date "2016.09.15"]
[Round "2"]
[White "Caiazzo, Diego"]
[Black "Lombardo, Claudio"]
[Result "1/2-1/2"]
[WhiteElo "1699"]
[BlackElo "1849"]
[PlyCount "74"]
[EventDate "2016.09.08"]
[EventType "swiss"]
[EventRounds "7"]
[EventCountry "ITA"]
[SourceTitle "EXT 2018"]
[Source "ChessBase"]
[SourceDate "2017.10.13"]
[SourceVersion "1"]
[SourceVersionDate "2017.10.13"]
[SourceQuality "1"]

1. e4 c5 2. Nf3 e6 3. d4 cxd4 4. Nxd4 a6 5. c4 Qc7 6. Nc3 Nc6 7. Nxc6 dxc6 8. Be2 Nf6 9. 0-0 Be7 10. Be3 0-0 11. Qc2 b6 12. Rad1 Bb7 13. f4 Rad8 14. Rxd8 Rxd8 15. e5 Nd7 16. Bf3 Bc5 17. Qf2 Bxe3 18. Qxe3 Nb8 19. Rd1 Rxd1+ 20. Nxd1 c5 21. Qd3 Bxf3 22. gxf3 Nc6 23. a3 Nd4 24. Kf2 Qe7 25. Qe4 Qh4+ 26. Kg2 h6 27. Nf2 Qd8 28. Qd3 Qa8 29. Ne4 Qc6 30. Nd6 b5 31. Qe4 Qxe4 32. fxe4 bxc4 33. Nxc4 Kf8 34. Kf2 Ke7 35. Ke3 Nc2+ 36. Kd2 Nd4 37. Ke3 Nc2+ 1/2-1/2

[Event "Napoli Porreca Memorial 3rd"]
[Site "Napoli"]
[Date "2013.11.07"]
[Round "7"]
[White "Tortorella, Edoardo"]
[Black "Lombardo, Claudio"]
[Result "0-1"]
[WhiteElo "1475"]
[BlackElo "1838"]
[PlyCount "76"]
[EventDate "2013.09.26"]
[EventType "swiss"]
[EventRounds "7"]
[EventCountry "ITA"]
[SourceTitle "EXT 2015"]
[Source "ChessBase"]
[SourceDate "2014.11.20"]
[SourceVersion "1"]
[SourceVersionDate "2014.11.20"]
[SourceQuality "1"]

1. e4 c5 2. Nf3 e6 3. c4 Nc6 4. a3 Qc7 5. d3 Nf6 6. Nc3 a6 7. g3 Be7 8. Bg2 d6 9. 0-0 0-0 10. Bg5 b6 11. e5 dxe5 12. Bxf6 Bxf6 13. Ne4 Be7 14. Qe2 Bb7 15. Nfg5 Nd4 16. Qh5 h6 17. Nf3 Nxf3+ 18. Bxf3 Rad8 19. Rad1 Rd7 20. Qh3 Rfd8 21. Be2 Rd4 22. f3 Bc6 23. b3 b5 24. Qg2 Qb7 25. h4 f5 26. Nf2 Rf8 27. Rb1 Bf6 28. Nh3 e4 29. fxe4 fxe4 30. dxe4 Rd2 31. Rbe1 Bxe4 32. Kh2 Bxg2 33. Nf4 Bxf1 34. Rxf1 Rxe2+ 35. Nxe2 bxc4 36. bxc4 Qb2 37. Rf2 Bd4 38. Rxf8+ Kxf8 0-1

[Event "Napoli Porreca Memorial 3rd"]
[Site "Napoli"]
[Date "2013.10.31"]
[Round "6"]
[White "Capozzoli, Silvio"]
[Black "Lombardo, Claudio"]
[Result "1/2-1/2"]
[WhiteElo "1744"]
[BlackElo "1838"]
[PlyCount "62"]
[EventDate "2013.09.26"]
[EventType "swiss"]
[EventRounds "7"]
[EventCountry "ITA"]
[SourceTitle "EXT 2015"]
[Source "ChessBase"]
[SourceDate "2014.11.20"]
[SourceVersion "1"]
[SourceVersionDate "2014.11.20"]
[SourceQuality "1"]

1. d4 Nf6 2. c4 e6 3. Nf3 b6 4. a3 Bb7 5. e3 c5 6. Nc3 cxd4 7. exd4 Be7 8. Be2 0-0 9. 0-0 d5 10. b3 Nbd7 11. Re1 Rc8 12. Bf1 Ba6 13. Nb5 Bxb5 14. cxb5 Qc7 15. Bb2 Qc2 16. Qxc2 Rxc2 17. Re2 Rfc8 18. Rxc2 Rxc2 19. Rb1 Ne8 20. Bd3 Rc8 21. Rc1 Rxc1+ 22. Bxc1 Nd6 23. g4 f6 24. h4 e5 25. dxe5 fxe5 26. Bg5 Bf8 27. Be2 Ne4 28. Bc1 Bc5 29. Kg2 Bxf2 30. Bd3 Bd4 31. Nxd4 exd4 1/2-1/2

[Event "Napoli Porreca Memorial 3rd"]
[Site "Napoli"]
[Date "2013.10.10"]
[Round "3"]
[White "Lombardo, Claudio"]
[Black "Freda, Guido"]
[Result "1/2-1/2"]
[WhiteElo "1838"]
[BlackElo "1416"]
[PlyCount "103"]
[EventDate "2013.09.26"]
[EventType "swiss"]
[EventRounds "7"]
[EventCountry "ITA"]
[SourceTitle "EXT 2015"]
[Source "ChessBase"]
[SourceDate "2014.11.20"]
[SourceVersion "1"]
[SourceVersionDate "2014.11.20"]
[SourceQuality "1"]

1. d4 d5 2. Nf3 Nf6 3. c4 e6 4. Nc3 dxc4 5. e3 Bb4 6. Bxc4 Nc6 7. 0-0 0-0 8. Qc2 Bxc3 9. bxc3 Re8 10. Rd1 b6 11. Bb5 Qd6 12. a4 Bd7 13. Ba3 Qd5 14. c4 Qh5 15. d5 Ne5 16. Nxe5 Bxb5 17. cxb5 Qxe5 18. Bb2 Qe4 19. Qxe4 Nxe4 20. f3 Nc5 21. Bd4 Nb3 22. Rab1 Nxd4 23. Rxd4 exd5 24. Rxd5 Rxe3 25. Rc1 Re7 26. Rcd1 g6 27. Rd8+ Rxd8 28. Rxd8+ Kg7 29. Ra8 c6 30. bxc6 Rc7 31. Kf2 a5 32. Rb8 Rxc6 33. Ke3 Rc3+ 34. Kd4 Ra3 35. Rxb6 Rxa4+ 36. Kc3 Ra2 37. Rb2 Rxb2 38. Kxb2 f5 39. Ka3 Kf6 40. Ka4 Ke5 41. Kxa5 Kf4 42. Kb4 h5 43. Kc4 Ke3 44. Kd5 Kf2 45. g4 h4 46. gxf5 gxf5 47. Ke5 Kg2 48. Kxf5 Kxf3 49. Ke5 Kg2 50. Kf4 h3 51. Ke3 Kxh2 52. Kf2 1/2-1/2

[Event "Napoli Porreca Memorial 3rd"]
[Site "Napoli"]
[Date "2013.10.03"]
[Round "2"]
[White "Supino, Domenico"]
[Black "Lombardo, Claudio"]
[Result "1/2-1/2"]
[WhiteElo "2083"]
[BlackElo "1838"]
[PlyCount "90"]
[EventDate "2013.09.26"]
[EventType "swiss"]
[EventRounds "7"]
[EventCountry "ITA"]
[SourceTitle "EXT 2015"]
[Source "ChessBase"]
[SourceDate "2014.11.20"]
[SourceVersion "1"]
[SourceVersionDate "2014.11.20"]
[SourceQuality "1"]

1. e4 c5 2. Nf3 e6 3. d3 Nc6 4. g3 Qc7 5. Bg2 Nf6 6. 0-0 Be7 7. Re1 d6 8. Nbd2 a6 9. a4 b6 10. Nc4 Bb7 11. c3 b5 12. axb5 axb5 13. Rxa8+ Bxa8 14. Ne3 0-0 15. Nc2 b4 16. Bd2 bxc3 17. Bxc3 e5 18. Ne3 Nd4 19. Nd2 Nb5 20. Ndc4 Nxc3 21. bxc3 g6 22. g4 Bc6 23. Qf3 Bd7 24. g5 Nh5 25. Nd5 Qd8 26. h4 Be6 27. Nce3 Bxd5 28. Nxd5 f6 29. Qg4 Nf4 30. Ra1 Nxd5 31. exd5 Qc8 32. Qg3 fxg5 33. hxg5 Qb7 34. Be4 Rf4 35. Kg2 Qd7 36. f3 Qb7 37. Ra2 Qd7 38. d4 cxd4 39. cxd4 Qd8 40. dxe5 dxe5 41. d6 Bxd6 42. Ra8 Bb8 43. Kh2 Rf8 44. Qg2 Qc7 45. Qa2+ Kg7 1/2-1/2

[Event "Napoli Porreca Memorial 3rd"]
[Site "Napoli"]
[Date "2013.09.26"]
[Round "1"]
[White "Lombardo, Claudio"]
[Black "Somma, Erminio"]
[Result "1-0"]
[WhiteElo "1838"]
[BlackElo "1527"]
[PlyCount "99"]
[EventDate "2013.09.26"]
[EventType "swiss"]
[EventRounds "7"]
[EventCountry "ITA"]
[SourceTitle "EXT 2015"]
[Source "ChessBase"]
[SourceDate "2014.11.20"]
[SourceVersion "1"]
[SourceVersionDate "2014.11.20"]
[SourceQuality "1"]

1. d4 f5 2. g3 g6 3. Bg2 Bg7 4. c4 Nf6 5. Nc3 d6 6. Nf3 0-0 7. Qc2 Qe8 8. 0-0 e5 9. dxe5 dxe5 10. Nb5 Na6 11. e3 Qe7 12. Bd2 c6 13. Na3 e4 14. Nd4 Bd7 15. Rab1 Nb4 16. Bxb4 Qxb4 17. Rfd1 Rad8 18. Rd2 Qe7 19. Rbd1 Bc8 20. Nb1 c5 21. Ne2 Rxd2 22. Qxd2 b6 23. Nbc3 Be6 24. b3 Bd7 25. Nd5 Nxd5 26. Qxd5+ Be6 27. Qd2 Bf6 28. Nf4 Rd8 29. Qxd8+ Qxd8 30. Rxd8+ Bxd8 31. Nxe6 Be7 32. Nf4 a5 33. Nd5 Bd8 34. f3 exf3 35. Bxf3 Kg7 36. Kf2 Kf7 37. e4 Ke6 38. exf5+ Kxf5 39. Ke3 Ke5 40. Kd3 g5 41. g4 h6 42. h3 Kd6 43. Ke4 Ke6 44. Be2 Kf7 45. Ke5 Kg6 46. Kd6 Kf7 47. Kd7 Bf6 48. Nxf6 Kxf6 49. Kc6 Ke5 50. Kxb6 1-0

[Event "Napoli Sociale-ch"]
[Site "Napoli"]
[Date "2012.07.03"]
[Round "5"]
[White "Lombardo, Claudio"]
[Black "Vannini, Aldo"]
[Result "1/2-1/2"]
[WhiteElo "1880"]
[BlackElo "1798"]
[PlyCount "76"]
[EventDate "2012.05.31"]
[EventType "swiss"]
[EventRounds "7"]
[EventCountry "ITA"]
[SourceTitle "EXT 2018"]
[Source "ChessBase"]
[SourceDate "2017.10.13"]
[SourceVersion "1"]
[SourceVersionDate "2017.10.13"]
[SourceQuality "1"]

1. d4 e6 2. Nf3 d5 3. c4 a6 4. e3 Nf6 5. Nc3 Be7 6. Be2 dxc4 7. Bxc4 b5 8. Be2 Bb7 9. 0-0 0-0 10. Ne5 c5 11. Bf3 Qc7 12. Bxb7 Qxb7 13. Qf3 Qxf3 14. Nxf3 Nc6 15. dxc5 Bxc5 16. a3 Rfd8 17. b4 Bf8 18. Bb2 Rd3 19. Rac1 Ne7 20. Rfd1 Rad8 21. Ne5 Rxd1+ 22. Rxd1 Rxd1+ 23. Nxd1 Ne4 24. Nd7 Nc6 25. Nxf8 Kxf8 26. Bc3 f6 27. f3 Nd6 28. Nb2 Kf7 29. Kf2 h5 30. Ke2 g5 31. a4 Ne7 32. axb5 axb5 33. Nd3 Nd5 34. Be1 Nc4 35. e4 Ne7 36. Bc3 f5 37. Ne5+ Nxe5 38. Bxe5 Nc6 1/2-1/2

[Event "Napoli Sociale-ch"]
[Site "Napoli"]
[Date "2012.06.07"]
[Round "2"]
[White "Caiazzo, Diego"]
[Black "Lombardo, Claudio"]
[Result "0-1"]
[WhiteElo "1871"]
[BlackElo "1880"]
[PlyCount "88"]
[EventDate "2012.05.31"]
[EventType "swiss"]
[EventRounds "7"]
[EventCountry "ITA"]
[SourceTitle "EXT 2018"]
[Source "ChessBase"]
[SourceDate "2017.10.13"]
[SourceVersion "1"]
[SourceVersionDate "2017.10.13"]
[SourceQuality "1"]

1. c4 d5 2. cxd5 Qxd5 3. Nc3 Qd8 4. Nf3 Nf6 5. g3 e6 6. Bg2 c6 7. 0-0 Be7 8. b3 0-0 9. Bb2 Nbd7 10. Qc2 Nd5 11. Nxd5 exd5 12. e3 Nf6 13. Nd4 Bd7 14. Nf5 Bxf5 15. Qxf5 Qd7 16. Qxd7 Nxd7 17. a3 Bf6 18. Rab1 Bxb2 19. Rxb2 f5 20. b4 Nb6 21. d3 a6 22. Rb3 Rfd8 23. d4 Nc4 24. Rc1 b5 25. Bf1 Kf7 26. Bd3 Kf6 27. h4 Rd6 28. Rbc3 a5 29. Bxc4 axb4 30. axb4 dxc4 31. Kg2 h6 32. Kf3 Ra4 33. Rb1 Rd7 34. g4 Rd5 35. Rc2 g6 36. gxf5 gxf5 37. Kf4 Rd7 38. f3 Ra3 39. Rbb2 Re7 40. e4 fxe4 41. fxe4 Rd7 42. e5+ Ke7 43. Ke4 Rd3 44. Rd2 R7xd4+ 0-1

[Event "Napoli Primavera al Vomero op 7th"]
[Site "Napoli"]
[Date "2011.04.05"]
[Round "5"]
[White "Lombardo, Claudio"]
[Black "De Meo, Guido"]
[Result "1-0"]
[WhiteElo "1772"]
[BlackElo "1851"]
[PlyCount "55"]
[EventDate "2011.03.11"]
[EventType "swiss"]
[EventRounds "7"]
[EventCountry "ITA"]
[SourceTitle "EXT 2018"]
[Source "ChessBase"]
[SourceDate "2017.10.13"]
[SourceVersion "1"]
[SourceVersionDate "2017.10.13"]
[SourceQuality "1"]

1. d4 d5 2. Nf3 Nd7 3. e3 Ngf6 4. c4 c6 5. Nc3 g6 6. Bd3 Bg7 7. 0-0 0-0 8. Qc2 Re8 9. e4 dxe4 10. Nxe4 Nxe4 11. Bxe4 Nf6 12. Bd3 Ng4 13. h3 Nh6 14. Be3 Nf5 15. Bxf5 Bxf5 16. Qd2 Qc7 17. Bf4 Qb6 18. Bg5 f6 19. Bf4 Rad8 20. Be3 Qc7 21. Qb4 Bf8 22. Qc3 Bg7 23. Qb4 a5 24. Qb3 Be6 25. d5 cxd5 26. Bb6 Qb8 27. Bxd8 dxc4 28. Qe3 1-0

[Event "Napoli Vomero Inverno op 6th"]
[Site "Napoli"]
[Date "2011.01.14"]
[Round "1"]
[White "Cosenza, Gianni"]
[Black "Lombardo, Claudio"]
[Result "1/2-1/2"]
[WhiteElo "1959"]
[BlackElo "1772"]
[PlyCount "64"]
[EventDate "2011.01.14"]
[EventType "swiss"]
[EventRounds "7"]
[EventCountry "ITA"]
[SourceTitle "EXT 2012"]
[Source "ChessBase"]
[SourceDate "2011.11.24"]
[SourceVersion "1"]
[SourceVersionDate "2011.11.24"]
[SourceQuality "1"]

1. e4 c5 2. Nf3 e6 3. d4 cxd4 4. Nxd4 a6 5. Bd3 Qc7 6. 0-0 Nc6 7. c3 Nf6 8. f4 d6 9. Kh1 Be7 10. Be3 b5 11. Nd2 Bb7 12. Rc1 Rc8 13. Qe2 0-0 14. Bg1 Nxd4 15. Bxd4 e5 16. Be3 d5 17. exd5 Nxd5 18. fxe5 Qxe5 19. Bd4 Qxe2 20. Bxe2 Bg5 21. Rcd1 Ne3 22. Bxe3 Bxe3 23. Bf3 Bxf3 24. Nxf3 Rcd8 25. Nd4 Bxd4 26. cxd4 Rd5 27. Rd2 Rfd8 28. Rfd1 f5 29. g3 g5 30. Kg2 Kg7 31. Kf3 Kf6 32. b3 h6 1/2-1/2

[Event "Napoli Vomero Natale op 5th"]
[Site "Napoli"]
[Date "2009.11.12"]
[Round "2"]
[White "Schiappoli, Dario"]
[Black "Lombardo, Claudio"]
[Result "0-1"]
[WhiteElo "1980"]
[BlackElo "1712"]
[PlyCount "60"]
[EventDate "2009.11.05"]
[EventType "swiss"]
[EventRounds "7"]
[EventCountry "ITA"]
[SourceTitle "EXT 2012"]
[Source "ChessBase"]
[SourceDate "2011.11.24"]
[SourceVersion "1"]
[SourceVersionDate "2011.11.24"]
[SourceQuality "1"]

1. e4 c5 2. Nf3 e6 3. d4 cxd4 4. Nxd4 Nf6 5. Bd3 d6 6. Nc3 a6 7. g4 Be7 8. g5 Nfd7 9. f4 b5 10. Be3 b4 11. Nce2 Nc5 12. Ng3 e5 13. Ndf5 0-0 14. Nxe7+ Qxe7 15. f5 f6 16. Bc4+ Kh8 17. Qh5 fxg5 18. Bxg5 Qe8 19. Qh4 Nc6 20. Nh5 Nd4 21. 0-0 Nxe4 22. Bd5 Nxf5 23. Nxg7 Kxg7 24. Rxf5 Bxf5 25. Bh6+ Kh8 26. Bxf8 Qxf8 27. Rf1 Qg7+ 28. Kh1 Rf8 29. Rg1 Qf6 30. Qe1 Nf2+ 0-1

[Event "Napoli Vomero Settembre op 6th"]
[Site "Napoli"]
[Date "2009.09.15"]
[Round "2"]
[White "D'Orta, Antonio"]
[Black "Lombardo, Claudio"]
[Result "1-0"]
[WhiteElo "1920"]
[BlackElo "1754"]
[PlyCount "69"]
[EventDate "2009.09.10"]
[EventType "swiss"]
[EventRounds "6"]
[EventCountry "ITA"]
[SourceTitle "EXT 2011"]
[Source "ChessBase"]
[SourceDate "2010.11.26"]
[SourceVersion "1"]
[SourceVersionDate "2010.11.26"]
[SourceQuality "1"]

1. e4 c5 2. f4 d6 3. c3 Nc6 4. Na3 e6 5. Nf3 Nf6 6. Bd3 a6 7. Bc2 Qc7 8. 0-0 Be7 9. d4 cxd4 10. Nxd4 Bd7 11. Be3 b5 12. Rc1 Na5 13. Qf3 Rc8 14. g4 0-0 15. g5 Ne8 16. h4 Nc4 17. Nxc4 Qxc4 18. Bb3 Qc7 19. h5 Kh8 20. g6 e5 21. gxf7 Nf6 22. Ne6 Bxe6 23. Bxe6 Rcd8 24. fxe5 dxe5 25. h6 g6 26. Rcd1 Qc6 27. Bd5 Qd7 28. Qg3 Qg4 29. Qxg4 Nxg4 30. Bb6 Rd7 31. Be6 Rxd1 32. Rxd1 Nxh6 33. Rd7 Bf6 34. Bc5 Rb8 35. f8Q+ 1-0

[Event "Napoli Vomero op 3rd"]
[Site "Napoli"]
[Date "2009.05.21"]
[Round "3"]
[White "Capozzoli, Silvio"]
[Black "Lombardo, Claudio"]
[Result "1/2-1/2"]
[WhiteElo "1961"]
[BlackElo "1730"]
[PlyCount "119"]
[EventDate "2009.05.07"]
[EventType "swiss"]
[EventRounds "6"]
[EventCountry "ITA"]
[SourceTitle "EXT 2011"]
[Source "ChessBase"]
[SourceDate "2010.11.26"]
[SourceVersion "1"]
[SourceVersionDate "2010.11.26"]
[SourceQuality "1"]

1. e4 c5 2. Nc3 g6 3. f4 Bg7 4. Nf3 d6 5. Bc4 e6 6. 0-0 Nc6 7. d3 Nge7 8. Be3 Nd4 9. Bxd4 cxd4 10. Nb5 0-0 11. Kh1 Qb6 12. a4 Bd7 13. a5 Qc5 14. b4 Qxb4 15. Nbxd4 Qc5 16. Nb3 Qc7 17. Nfd4 a6 18. Qf3 Nc6 19. c3 Rab8 20. Rfc1 Ne7 21. Nd2 Nc6 22. N2b3 Ne7 23. Nd2 Nc6 24. Nxc6 Bxc6 25. d4 Bd7 26. Bd3 Qd8 27. Nc4 Bb5 28. Nb6 Bxd3 29. Qxd3 Qc7 30. Rab1 Bh6 31. Rf1 f5 32. Qh3 Bg7 33. e5 dxe5 34. fxe5 Rf7 35. Rbc1 Bf8 36. d5 Bc5 37. dxe6 Rg7 38. Nd5 Qxa5 39. Nf6+ Kh8 40. Rfd1 Be7 41. Rd5 Qc7 42. Rcd1 Rd8 43. Rxd8+ Bxd8 44. Ne8 Qxe5 45. Nxg7 Kxg7 46. Qd3 Bc7 47. Qd4 Kf6 48. Re1 Qxd4 49. cxd4 Bd6 50. d5 b6 51. Kg1 g5 52. Kf1 a5 53. Rc1 Bc5 54. Ke2 Ke7 55. h3 Kd6 56. Re1 a4 57. Kd3 a3 58. Kc4 f4 59. Rd1 Ke7 60. Re1 1/2-1/2

[Event "Napoli Vomero Inverno op 4th"]
[Site "Napoli"]
[Date "2009.02.12"]
[Round "6"]
[White "Lombardo, Claudio"]
[Black "Cocchia, Umberto"]
[Result "1-0"]
[WhiteElo "1736"]
[BlackElo "1581"]
[PlyCount "60"]
[EventDate "2009.01.08"]
[EventType "swiss"]
[EventRounds "7"]
[EventCountry "ITA"]
[SourceTitle "EXT 2011"]
[Source "ChessBase"]
[SourceDate "2010.11.26"]
[SourceVersion "1"]
[SourceVersionDate "2010.11.26"]
[SourceQuality "1"]

1. d4 Nf6 2. Nf3 e6 3. c4 c5 4. Nc3 cxd4 5. Nxd4 a6 6. e3 Be7 7. Be2 Qc7 8. 0-0 0-0 9. Bd2 d6 10. Rc1 Bd7 11. b3 Nc6 12. Bf3 Rac8 13. Nce2 Ne5 14. Bc3 Nxf3+ 15. Nxf3 Qb8 16. Re1 b5 17. cxb5 Bxb5 18. Ned4 Ne4 19. Nxb5 Qxb5 20. Bb2 Qa5 21. a3 Nc3 22. Qd2 Bf6 23. Nd4 e5 24. Ne2 Nxe2+ 25. Qxe2 Qb6 26. b4 Rc6 27. Rxc6 Qxc6 28. Rc1 Qb7 29. Qc4 d5 30. Qc6 Rb8 1-0

[Event "Napoli Vomero Inverno op 4th"]
[Site "Napoli"]
[Date "2009.01.15"]
[Round "2"]
[White "Supino, Domenico"]
[Black "Lombardo, Claudio"]
[Result "1-0"]
[WhiteElo "2080"]
[BlackElo "1736"]
[PlyCount "97"]
[EventDate "2009.01.08"]
[EventType "swiss"]
[EventRounds "7"]
[EventCountry "ITA"]
[SourceTitle "EXT 2011"]
[Source "ChessBase"]
[SourceDate "2010.11.26"]
[SourceVersion "1"]
[SourceVersionDate "2010.11.26"]
[SourceQuality "1"]

1. e4 c5 2. Nf3 e6 3. d4 cxd4 4. Nxd4 Nf6 5. Nc3 d6 6. Be2 a6 7. Be3 Qc7 8. 0-0 b5 9. a3 Bb7 10. Bd3 Be7 11. f4 Nbd7 12. Nb3 Nc5 13. Nxc5 dxc5 14. e5 Nd5 15. Nxd5 Bxd5 16. Be2 0-0 17. Bf3 Rad8 18. Bxd5 Rxd5 19. Qf3 c4 20. Qf2 Qc6 21. Rad1 Rfd8 22. Qf3 Qd7 23. Rxd5 Qxd5 24. Qxd5 Rxd5 25. Kf2 Kf8 26. Kf3 Ke8 27. g4 f6 28. Ke4 Kd7 29. Bd4 Kc6 30. c3 Rd7 31. Rf3 Bd8 32. Rh3 fxe5 33. Kxe5 Bf6+ 34. Kxe6 Bxd4 35. cxd4 Rxd4 36. Rxh7 Rxf4 37. Rxg7 Rf2 38. h4 Rxb2 39. Rg8 Kb6 40. g5 Rh2 41. g6 Rxh4 42. g7 Rh6+ 43. Kf7 Ka5 44. Rh8 Rxh8 45. gxh8Q Ka4 46. Qf8 a5 47. Qc5 b4 48. axb4 axb4 49. Qxc4 1-0

[Event "Napoli Vomero Settembre op 5th"]
[Site "Napoli"]
[Date "2008.10.09"]
[Round "2"]
[White "Capozzoli, Silvio"]
[Black "Lombardo, Claudio"]
[Result "1-0"]
[WhiteElo "1949"]
[BlackElo "1712"]
[PlyCount "77"]
[EventDate "2008.10.02"]
[EventType "swiss"]
[EventRounds "5"]
[EventCountry "ITA"]
[SourceTitle "EXT 2011"]
[Source "ChessBase"]
[SourceDate "2010.11.26"]
[SourceVersion "1"]
[SourceVersionDate "2010.11.26"]
[SourceQuality "1"]

1. e4 c5 2. f4 e6 3. c4 d6 4. Nf3 Nc6 5. Nc3 a6 6. Be2 Qc7 7. 0-0 Nf6 8. d3 Be7 9. h3 0-0 10. Qe1 Nb4 11. Rb1 Bd7 12. Qd2 Nh5 13. a3 Ng3 14. Rd1 Nxe2+ 15. Qxe2 Nc6 16. Qf2 Bf6 17. Be3 Rab8 18. e5 dxe5 19. Ne4 Be7 20. fxe5 b6 21. Rf1 Rbc8 22. Kh1 Nxe5 23. Nxe5 Qxe5 24. Bf4 Qh5 25. Kh2 Bc6 26. Ng3 Qg6 27. Rbd1 Rcd8 28. Qe3 Bd6 29. Bxd6 Rxd6 30. b4 cxb4 31. axb4 Rfd8 32. d4 Qc2 33. d5 exd5 34. Nf5 Re6 35. Qg5 Qc3 36. Qxd8+ Re8 37. Qc7 Ba4 38. Ne7+ Kf8 39. Nxd5 1-0

[Event "Napoli Vomero Primavera op-B 5th"]
[Site "Napoli"]
[Date "2008.04.03"]
[Round "2"]
[White "Esposito, Rosario"]
[Black "Lombardo, Claudio"]
[Result "1/2-1/2"]
[WhiteElo "1880"]
[BlackElo "1736"]
[PlyCount "49"]
[EventDate "2008.03.27"]
[EventType "swiss"]
[EventRounds "7"]
[EventCountry "ITA"]
[SourceTitle "EXT 2011"]
[Source "ChessBase"]
[SourceDate "2010.11.26"]
[SourceVersion "1"]
[SourceVersionDate "2010.11.26"]
[SourceQuality "1"]

1. d4 Nf6 2. c4 e6 3. Nc3 d5 4. Bg5 c6 5. e3 Be7 6. Nf3 Nbd7 7. Qc2 dxc4 8. Bxc4 Nb6 9. Bd3 h6 10. Bh4 Nbd5 11. 0-0 Nb4 12. Qd2 Nxd3 13. Qxd3 b6 14. Ne5 Bb7 15. Rfd1 Rc8 16. Rac1 0-0 17. a3 Nd7 18. Bxe7 Qxe7 19. Nxd7 Qxd7 20. b4 Rfd8 21. Qe2 Qe7 22. Nb1 Qg5 23. Qf3 Rc7 24. Qg3 Qe7 25. Nc3 1/2-1/2

[Event "Napoli Basile Memorial-B"]
[Site "Napoli"]
[Date "2007.07.05"]
[Round "5"]
[White "Nacciarone, Guido"]
[Black "Lombardo, Claudio"]
[Result "0-1"]
[WhiteElo "1258"]
[BlackElo "1721"]
[PlyCount "38"]
[EventDate "2007.06.07"]
[EventType "swiss"]
[EventRounds "7"]
[EventCountry "ITA"]
[SourceTitle "EXT 2010"]
[Source "ChessBase"]
[SourceDate "2010.11.25"]
[SourceVersion "1"]
[SourceVersionDate "2010.11.25"]
[SourceQuality "1"]

1. e4 c5 2. Nf3 e6 3. d4 cxd4 4. Nxd4 Nf6 5. Nc3 d6 6. Bc4 a6 7. Bg5 Be7 8. Qf3 Qc7 9. Bb3 Nc6 10. Nxc6 Qxc6 11. 0-0 0-0 12. Rfe1 b5 13. a3 Bb7 14. Qg3 Qc7 15. Re3 Nh5 16. Qg4 g6 17. Bxe6 Bxg5 18. Bxf7+ Qxf7 19. Rf3 Qe7 0-1

[Event "Napoli Basile Memorial-B"]
[Site "Napoli"]
[Date "2007.06.14"]
[Round "2"]
[White "Giglio, Achille"]
[Black "Lombardo, Claudio"]
[Result "0-1"]
[WhiteElo "1720"]
[BlackElo "1721"]
[PlyCount "132"]
[EventDate "2007.06.07"]
[EventType "swiss"]
[EventRounds "7"]
[EventCountry "ITA"]
[SourceTitle "EXT 2010"]
[Source "ChessBase"]
[SourceDate "2010.11.25"]
[SourceVersion "1"]
[SourceVersionDate "2010.11.25"]
[SourceQuality "1"]

1. e4 c5 2. Nf3 e6 3. d4 cxd4 4. Nxd4 Nf6 5. Bd3 d6 6. 0-0 Qc7 7. Nc3 a6 8. Be3 Bd7 9. Kh1 Nc6 10. Nce2 Be7 11. Rc1 Ng4 12. Ng3 Nxe3 13. fxe3 Bf6 14. c3 Ne5 15. Bb1 Nc4 16. Qe2 Ne5 17. Nh5 Bg5 18. Nxg7+ Ke7 19. b3 Rag8 20. Nh5 Rg6 21. c4 Qc5 22. Rf2 Rf8 23. h3 Rh6 24. g4 Nc6 25. Rd1 e5 26. Nf5+ Bxf5 27. exf5 Qxe3 28. f6+ Kd7 29. Qf1 Qc5 30. Rd5 Qb4 31. c5 Be3 32. Rxd6+ Kc7 33. Rc2 Bxc5 34. Rd5 Qe4+ 35. Qg2 Qxg2+ 36. Kxg2 Bd4 37. a4 Rg8 38. Kf3 Rd8 39. Rxd8 Kxd8 40. Rd2 Kc7 41. Be4 Nd8 42. Bf5 Kd6 43. Ke4 Ne6 44. Bxe6 Kxe6 45. Rc2 Kd7 46. Kf5 a5 47. Rd2 Kc6 48. Rc2+ Kd7 49. Rc4 b6 50. b4 axb4 51. Rxb4 Rg6 52. Rb5 Rg8 53. a5 Kc6 54. Rxb6+ Bxb6 55. axb6 Kxb6 56. Kxe5 Rd8 57. Nf4 Kc6 58. Kf5 Rg8 59. h4 Kd6 60. Nh3 Ra8 61. Kg5 Ke5 62. Kh6 Kxf6 63. Kxh7 Ra3 64. Ng5 Ra4 65. Nxf7 Kxf7 66. g5 Rxh4# 0-1